000 00467nam a2200193Ia 4500
005 20240823033025.0
008 240823s9999||||xx |||||||||||||| ||und||
020 _a81-239-0809-1
041 _aENGLISH
082 _A549 P6
100 _aWilliam E Ford
245 0 _aDana's Textbook of Mineralogy
250 _a4th
260 _c2006
_b"CBS Publishers & Distributors,New "
500 _aYES
650 _aMineralogy
_bGeneral
942 _cBK
999 _c194825
_d194825